000 01027nam a2200253 a 4500
001 64963
003 BD-RjUL
005 20211209081355.0
008 150813s1979 ii ||||| |||| 00| 0 ben d
020 _c: IRs. 25.00
035 _a(BD-RjUL)65093
040 _aBD-RjUL
_bben
_cBD-RjUL
_dBD-RjUL
041 _aben
082 _223
_a891.4409
_bSEB 1979
100 1 _aসেন, সুকুমার
_9117517
245 1 0 _aবাঙ্গালা সাহিত্যের ইতিহাস /
_cসুকুমার সেন
250 _a৭ম সং.
260 _aকলিকাতা :
_bইস্টার্ন পাবলিশার্স,
_c১৯৭৯ (১৩৮৬ বাং)
300 _a খণ্ড ;
_c২২ সেমি.
505 1 _aখণ্ড ২, উনবিংশ শতাব্দী --
650 _aবাংলা সাহিত্য
_xইতিহাস ও সমালোচনা
_9117518
650 _aBengali literature
_v History and Criticism
_9117446
942 _2ddc
_cBK
_02
999 _c64963
_d64963